Marketing Research : (Record no. 2455)
[ view plain ]
| 000 -LEADER | |
|---|---|
| fixed length control field | 01451nac a22002891u 4500 |
| 008 - FIXED-LENGTH DATA ELEMENTS--GENERAL INFORMATION | |
| fixed length control field | 101104s2003 mau|||||r|||| 001 0 eng d |
| 010 ## - LIBRARY OF CONGRESS CONTROL NUMBER | |
| LC control number | 2004270001 |
| 020 ## - INTERNATIONAL STANDARD BOOK NUMBER | |
| International Standard Book Number | 0071151192 |
| 020 ## - INTERNATIONAL STANDARD BOOK NUMBER | |
| International Standard Book Number | 9780071151191 |
| 082 04 - DEWEY DECIMAL CLASSIFICATION NUMBER | |
| Classification number | 658.83 |
| Item number | H1274 |
| Edition number | 22 |
| 100 ## - MAIN ENTRY--PERSONAL NAME | |
| Personal name | Hair, Joseph F. |
| 9 (RLIN) | 20934 |
| 245 10 - TITLE STATEMENT | |
| Title | Marketing Research : |
| Remainder of title | Within a Changing Information Environment / |
| Statement of responsibility, etc | Joseph F. Hair, Jr., Robert P. Bush, David J. Ortinau. |
| 250 ## - EDITION STATEMENT | |
| Edition statement | 2nd ed. |
| 260 ## - PUBLICATION, DISTRIBUTION, ETC. (IMPRINT) | |
| Place of publication, distribution, etc | Boston : |
| Name of publisher, distributor, etc | McGraw-Hill/Irwin, 2003 |
| Date of publication, distribution, etc | 2003. |
| 300 ## - PHYSICAL DESCRIPTION | |
| Extent | xxiii, 720 p. : |
| Other physical details | ill. ; |
| Dimensions | 27 cm. + |
| Accompanying material | 1 CD-ROM (4 3/4 in.) |
| 490 ## - Series Statement | |
| -- | 17111 |
| Series statement | McGraw-Hill/Irwin Series in Marketing |
| 504 ## - BIBLIOGRAPHY, ETC. NOTE | |
| Bibliography, etc | Includes bibliographical references (p. 687-698) and indexes. |
| 538 ## - SYSTEM DETAILS NOTE | |
| System details note | System requirements for accompanying CD-ROM: Windows 98, ME, XP, 2000 or Windows NT. |
| 650 #0 - SUBJECT ADDED ENTRY--TOPICAL TERM | |
| Topical term or geographic name as entry element | Marketing research. |
| 9 (RLIN) | 20935 |
| 653 ## - INDEX TERM--UNCONTROLLED | |
| Resource For college | |
| 700 1# - ADDED ENTRY--PERSONAL NAME | |
| Personal name | Bush, Robert P. |
| 9 (RLIN) | 20936 |
| 700 1# - ADDED ENTRY--PERSONAL NAME | |
| Personal name | Ortinau, David J. |
| 9 (RLIN) | 20937 |
| 942 ## - ADDED ENTRY ELEMENTS (KOHA) | |
| Item type | Book - Borrowing |
| Call number prefix | 658.83 H1274 |
| Source of classification or shelving scheme | Dewey Decimal Classification |
| Withdrawn status | Item status | Damaged status | Not for loan | Home library | Current library | Shelving location | Date acquired | Source of acquisition | Total Checkouts | Total Renewals | Full call number | Barcode | Date last seen | Date last borrowed | Koha item type | Source of classification or shelving scheme | Vendor | Materials specified (bound volume or other part) |
|---|---|---|---|---|---|---|---|---|---|---|---|---|---|---|---|---|---|---|
| Central Library | Central Library | First floor | 21/02/2007 | Purchase | 14 | 31 | 658.83 HAI | 000001666 | 15/07/2025 | 12/01/2022 | Book - Borrowing | |||||||
| Central Library | Central Library | First floor | 04/11/2010 | 658.83 HAI | 000006846 | 24/08/2022 | CD | DVD - With book | Dewey Decimal Classification | ||||||||||
| Central Library | Central Library | First floor | 04/11/2010 | 658.83 HAI | 000015014 | 24/08/2022 | CD | DVD - With book (NB) | Dewey Decimal Classification | Lost In Inventory_2018-08-12 |